The collaborator : the trial & execution of Robert Brasillach
Saved in:
| Main Author: | |
|---|---|
| Format: | Book |
| Language: | English |
| Published: |
Chicago :
University of Chicago Press,
2000
|
| Subjects: | |
| Tags: |
Add Tag
No Tags, Be the first to tag this record!
|
MARC
| LEADER | 00000nam a2200000 i 4500 | ||
|---|---|---|---|
| 001 | 1/55195 | ||
| 008 | 070918s2000 eng d | ||
| 020 | |a 0-226-42414-6 | ||
| 035 | |l 10090797 | ||
| 040 | |a GR-MY-UA |b gre |e aacr | ||
| 041 | 0 | |a eng | |
| 082 | 0 | |a 848.91209 |2 (22) | |
| 100 | 1 | |a Kaplan, Alice Yaeger. | |
| 245 | 1 | 4 | |a The collaborator : |b the trial & execution of Robert Brasillach / |c Alice Kaplan |
| 260 | |a Chicago : |b University of Chicago Press, |c 2000 | ||
| 300 | |a xvi, 308 σ.; |c 24 εκ. | ||
| 504 | |a Βιβλιογραφία: σ. 237-287 | ||
| 504 | |a Ευρετήριο: σ. 289-308 | ||
| 600 | 1 | 0 | |a Brasillach Robert |d 1909-1945- |x Political and social views. |
| 650 | 0 | 0 | |a World War, 1939-1945 |x Collaborationists |z France. |
| 650 | 0 | 0 | |a Fascism and literature |z France |x History |y 20th century. |
| 650 | 0 | 0 | |a Intellectuals |z France |x Political activity. |
| 650 | 0 | 0 | |a Authors, French |y 20th century |x Biography. |
| 650 | 0 | 0 | |a Trials (Treason) |z France. |
| 650 | 0 | 0 | |a Fascism |z France. |
| 651 | 0 | |a France |x Intellectual life |y 20th century. | |
| 852 | |a INST |b LESVOS |e 20070918 |h 848.91209 KAP |p 005100041212 |q 005100041212 |t BK |y 0 | ||
| 901 | |a BIBL1-2007-3 | ||
| 909 | |a Λ |b 138873 | ||
| 922 | |a 1ΕΛΗ |b 200708 |c ΕΠΕΑΕΚ2/ΤΚΑ |d ΠΑΠΑΣΩΤΗΡΙΟΥ | ||
| 970 | |a ΚΑΡΑ |b ΓΙΑΣΕΜΗ |z 2007/09/18 | ||